|
|
แสดงรายละเอียดบรรณานุกรม |
|
|
Brief Record
: Get Marc (ISO 2709)
: E-mail record
: |
| LEADER 00000nama 2200000uu 4500 | |||
| 008 040531s|||| th m m a000 0 tha d | |||
| 041 tha | |||
| 050 WY100 ร925ค | |||
| 100 โรงเรียนผดุงครรภ์อนามัยวชิรพยาบาล | |||
| 245 คู่มือหลักการพยาบาล ผด.ลพ.101-103/ โรงเรียนผดุงครภ์อนามัยวชิรพยาบาล 001 | |||
| 260 กรุงเทพฯ โรงเรียน 25-- | |||
| 300 3 เล่ม | |||
| 650 การพยาบาล ชื่อเรื่อง | |||
| 998 1999-01-25 | |||
| คุณยังไม่ได้ล็อกอิน คุณสามารถมีกิจกรรมร่วมกับเว็บไซต์ได้ แต่ต้องล็อกอินก่อน :: |
|
| สถานะ | |||||||||
| 1. | หนังสือทั่วไป | WY100 ร925ค | On Shelf ขอยืม | ||||||
| [แสดง 1/1 รายการ] | |||||||||
| รายการใกล้เคียง หัวเรื่อง [การพยาบาล ชื่อเรื่อง]
|
BibComment |
| คอมเมนท์ทรัพยากรรายการนี้ |
|
|